00956nam a2200241 i 450000100060000000300090000600500170001500700030003200800410003502000180007610000410009424500470013526000890018230000300027150400320030160000620033365100840039571000530047985200210053285200220055399900170057595201220059292335ES-MaACL20250928102018.0t|050225s1983 sp ||||1| spa d a84-7232-311-01 aLiévano Aguirre, Indalecio.97226210aBolívar / cIndalecio Liévano Aguirre. aMadrid : bCultura Hispánica del Instituto de Cooperación Iberoamericana,c1983. a425 p. : bil. ; c24 cm. aBibliografía: p. 423-425.17aBolívar, Simón, d1783-1830- vBiografías29146727 4aAmérica española-xHistoria-y1806-1830, Guerras de la Independencia.977262 aInstituto de Cooperación Iberoamericana.94848 aES-MaACLjL-6223 aES-MaACLjL-19995 c92335d92335 00104070aATENEOMbATENEOMcDEPO2d2008-01-17eSCl0oL-19995p1013016r2023-02-23 00:00:00w2023-02-23yMONOGRAFIA